| 000 | 00779nam a2200181 a 4500 | ||
|---|---|---|---|
| 008 | 120416s1958 ||||||||||||||||| || u | ||
| 050 | _aHD 82 Hir | ||
| 100 | _aHirschman, Albert O | ||
| 245 | 1 | 4 |
_aThe strategy of economic development _cby Albert O. Hirschman |
| 260 |
_aNew Haven: _bYale University _c1958 |
||
| 300 | _axiii, 217p.: ill. | ||
| 350 | _a0.00 | ||
| 500 | _aInclude Index | ||
| 650 | 0 | _aECONOMICS | |
| 650 | _aECONOMICS--STRATEGIC PLANNING | ||
| 995 |
_D0.00 _FCBU-MAIN LIBRARY (Kitwe) _H1 _I0.00 _M1 _UAVAILABLE _ZAnnex Low-Usage Collection |
||
| 995 |
_FCBU-DAG HAMMARSKJOLD INSTITUTE LIBRARY _I0.00 _M1 _UAVAILABLE _WAug 14, 2012 _ZDHIPS Book Collection |
||
| 999 |
_c30662 _d30662 |
||